<?xml version="1.0" encoding="utf-8"?>
<?xml-stylesheet type='text/xsl' href='./oai2.xsl'?>
<OAI-PMH xmlns="http://www.openarchives.org/OAI/2.0/" xmlns:xsi="http://www.w3.org/2001/XMLSchema-instance" xsi:schemaLocation="http://www.openarchives.org/OAI/2.0/ http://www.openarchives.org/OAI/2.0/OAI-PMH.xsd">
  <responseDate>2026-06-06T20:07:30Z</responseDate>
  <request verb="GetRecord" metadataPrefix="marcxml" identifier="record_kuniweb_98842">https://kulturerbe.niedersachsen.de/oai</request>
  <GetRecord>
    <record>
      <header>
        <identifier>record_kuniweb_98842</identifier>
        <datestamp>2026-03-31T19:09:18Z</datestamp>
        <setSpec>slg0220</setSpec>
      </header>
      <metadata>
        <marc:record xmlns:marc="http://www.loc.gov/MARC21/slim" xsi:schemaLocation="http://www.loc.gov/MARC21/slim http://www.loc.gov/standards/marcxml/schema/MARC21slim.xsd">
          <marc:leader>12345nrm  22     uu 4500</marc:leader>
          <marc:controlfield tag="001">98842</marc:controlfield>
          <marc:controlfield tag="003">http://kuniweb.gbv.de</marc:controlfield>
          <marc:controlfield tag="005">2019-10-02T15:52:46</marc:controlfield>
          <marc:controlfield tag="008">|           ||||||||||||||||||||||</marc:controlfield>
          <marc:datafield tag="245" ind1="1" ind2="0">
            <marc:subfield code="a">Rillenstein</marc:subfield>
          </marc:datafield>
          <marc:datafield tag="655" ind1=" " ind2="7">
            <marc:subfield code="a">Archäologie</marc:subfield>
          </marc:datafield>
          <marc:datafield tag="046" ind1=" " ind2=" ">
            <marc:subfield code="k">-1699</marc:subfield>
            <marc:subfield code="k">Bronze- oder Eisenzeitlich</marc:subfield>
            <marc:subfield code="l">0001</marc:subfield>
          </marc:datafield>
          <marc:datafield tag="260" ind1=" " ind2=" ">
            <marc:subfield code="g">-1699</marc:subfield>
            <marc:subfield code="g">0001</marc:subfield>
            <marc:subfield code="g">Bronze- oder Eisenzeitlich</marc:subfield>
          </marc:datafield>
          <marc:datafield tag="300" ind1=" " ind2=" ">
            <marc:subfield code="a">Höhe: 64 cm
Breite: 80 cm
Tiefe: 4 cm (Tiefe der Rille)
Tiefe: 60 cm</marc:subfield>
          </marc:datafield>
          <marc:datafield tag="520" ind1=" " ind2=" ">
            <marc:subfield code="a">Bei dem Rillenstein handelt es sich um das Bruchstück eines ehemals größeren Granitblocks. Erhalten ist der obere Teil mit horizontaler Rille. Die Grundform des Steins ist eckig und die Rille verläuft entlang zweier Seiten. Wo sie um das Eck verläuft, ist sie am tiefsten eingeschnitten, an den beiden Seiten wird die Rille immer flacher, bis sie ganz ausläuft. Den erkennbaren Arbeitsspuren nach zu schließen, wurde die Rille durch Hacken erzeugt. Der Stein lag zusammen mit anderen Findlingen in der Nähe der Wittorfer Gemarkungsgrenze.
Derzeit befindet sich der Rillenstein auf dem Rücken liegend bei der Dienststelle der Rotenburger Kreisarchäologie. (Hesse 12/2016)

Gebrauchsort:
Rotenburg (Wümme) (Niedersachsen)

Beschrieben in:
S. Hesse und Tempel, W. -D., „Geschichtsspuren zwischen Wümme und Oste : 95 archäologische Ausflüge ins zentrale Elbe-Weser-Dreieck“. Isensee, Oldenburg, 2014. (S. 139, Nr. 64)</marc:subfield>
          </marc:datafield>
          <marc:datafield tag="650" ind1="1" ind2=" ">
            <marc:subfield code="a">Religion/Glaube</marc:subfield>
          </marc:datafield>
          <marc:datafield tag="773" ind1="0" ind2=" ">
            <marc:subfield code="t">Archäologische Funde aus dem Landkreis Rotenburg (Wümme)</marc:subfield>
          </marc:datafield>
          <marc:datafield tag="852" ind1=" " ind2=" ">
            <marc:subfield code="a">Kreisarchäologie Rotenburg</marc:subfield>
          </marc:datafield>
          <marc:datafield tag="852" ind1=" " ind2=" ">
            <marc:subfield code="a">Wittorf (Visselhövede, Rotenburg (Wümme), Niedersachsen)</marc:subfield>
          </marc:datafield>
          <marc:datafield tag="" ind1=" " ind2=" ">
            <marc:subfield code="a">Namensnennung - Weitergabe unter gleichen Bedingungen 4.0 International (CC BY-SA 4.0)</marc:subfield>
          </marc:datafield>
        </marc:record>
      </metadata>
    </record>
  </GetRecord>
</OAI-PMH>
